[Event "World ol U16"]
[Site "Eindhoven"]
[Date "2023.08.16"]
[Round "6.16"]
[White "Mgeladze, Kesaria"]
[Black "Gergin, Isafara"]
[Result "1-0"]
[WhiteElo "2046"]
[BlackElo "1751"]
[PlyCount "37"]
[EventDate "2023.08.13"]
[EventType "team-swiss"]
[EventRounds "9"]
[EventCountry "NED"]
[SourceTitle "CBM 215 Extra"]
[Source "ChessBase"]
[SourceDate "2023.09.30"]
[SourceVersion "1"]
[SourceVersionDate "2023.09.30"]
[SourceQuality "1"]
[WhiteTeam "Georgia"]
[BlackTeam "Netherlands II"]
[WhiteTeamCountry "GEO"]
[BlackTeamCountry "NED"]

1. e4 c5 2. Nf3 Nc6 3. d4 cxd4 4. Nxd4 Nf6 5. Nc3 e5 6. Ndb5 d6 7. Nd5 Nxd5 8. exd5 Ne7 9. c4 Nf5 10. Bd3 a6 11. Qa4 axb5 12. Qxa8 bxc4 13. Bxc4 Nd4 14. 0-0 Be7 15. Be3 Nf5 16. Bb5+ Kf8 17. Rac1 Bd7 18. Qxd8+ Bxd8 19. Bxd7 1-0

[Event "NED-ch U16 Girls"]
[Site "Almelo"]
[Date "2023.05.04"]
[Round "5"]
[White "Gergin, Isafara"]
[Black "Feng, Elysia"]
[Result "1-0"]
[WhiteElo "1762"]
[BlackElo "1697"]
[PlyCount "61"]
[EventDate "2023.04.30"]
[EventType "swiss"]
[EventRounds "7"]
[EventCountry "NED"]
[SourceTitle "CBM 214 Extra"]
[Source "ChessBase"]
[SourceDate "2023.07.31"]
[SourceVersion "1"]
[SourceVersionDate "2023.07.31"]
[SourceQuality "1"]

1. e4 e5 2. Nf3 Nc6 3. d4 exd4 4. Nxd4 Bc5 5. Be3 Qf6 6. c3 Nge7 7. Bc4 0-0 8. 0-0 b6 9. f4 d6 10. Qd2 h6 11. Rf3 Bb7 12. Rg3 Kh7 13. b4 Bxd4 14. cxd4 Rad8 15. b5 Na5 16. Bd3 Kh8 17. Nc3 Ng8 18. Rf1 Qe7 19. f5 f6 20. Ne2 Rf7 21. Nf4 Qe8 22. Ne6 Rdd7 23. d5 Qa8 24. Qe2 Bc8 25. Rf4 Nb7 26. Qh5 Nc5 27. Be2 Rde7 28. Rfg4 Nxe4 29. Rxe4 Qxd5 30. Rd4 Qe5 31. Bf4 1-0

[Event "NED-ch U16 Girls"]
[Site "Almelo"]
[Date "2023.05.01"]
[Round "2"]
[White "Zahirna, Iryna"]
[Black "Gergin, Isafara"]
[Result "0-1"]
[WhiteElo "1594"]
[BlackElo "1762"]
[PlyCount "104"]
[EventDate "2023.04.30"]
[EventType "swiss"]
[EventRounds "7"]
[EventCountry "NED"]
[SourceTitle "CBM 214 Extra"]
[Source "ChessBase"]
[SourceDate "2023.07.31"]
[SourceVersion "1"]
[SourceVersionDate "2023.07.31"]
[SourceQuality "1"]

1. c4 Nf6 2. Nf3 g6 3. g3 Bg7 4. Bg2 0-0 5. e3 d6 6. d4 Nbd7 7. Nc3 e5 8. 0-0 Nh5 9. dxe5 dxe5 10. e4 c6 11. Be3 Qe7 12. Qe2 a5 13. a3 a4 14. Qc2 b5 15. cxb5 cxb5 16. Nxb5 Ba6 17. Qxa4 Nc5 18. Qc4 Nxe4 19. Qxe4 Bxb5 20. Rfd1 Rac8 21. Rac1 Rxc1 22. Rxc1 Re8 23. Nd2 Qe6 24. Rc5 Bd7 25. Qd5 Qxd5 26. Rxd5 Bc6 27. Rc5 Bxg2 28. Kxg2 f5 29. Rc2 f4 30. gxf4 exf4 31. Ba7 Ra8 32. Bc5 Nf6 33. Bd4 g5 34. Rc1 g4 35. f3 h5 36. h3 g3 37. Be5 Nd5 38. Bxg7 Ne3+ 39. Kg1 Kxg7 40. Nf1 Re8 41. Re1 Rb8 42. Nxe3 fxe3 43. b4 Re8 44. h4 Kf6 45. Kg2 Kf5 46. Kxg3 Rg8+ 47. Kh2 Kf4 48. Rg1 Ra8 49. Ra1 Kxf3 50. Kg1 Rg8+ 51. Kh1 e2 52. a4 Kf2 0-1

[Event "NED-ch U14 Girls"]
[Site "Almelo"]
[Date "2021.08.02"]
[Round "2"]
[White "Ganeshram, Nirupa"]
[Black "Gergin, Isafara"]
[Result "1/2-1/2"]
[WhiteElo "1378"]
[BlackElo "1650"]
[PlyCount "119"]
[EventDate "2021.08.01"]
[EventType "swiss"]
[EventRounds "6"]
[EventCountry "NED"]
[SourceTitle "EXT 2022"]
[Source "ChessBase"]
[SourceDate "2021.10.06"]
[SourceVersion "1"]
[SourceVersionDate "2021.10.06"]
[SourceQuality "1"]

1. b3 e5 2. Bb2 Nc6 3. e3 Nf6 4. Bb5 d6 5. d4 exd4 6. Qxd4 Bd7 7. Qf4 Nh5 8. Qe4+ Qe7 9. Qxe7+ Bxe7 10. Nf3 Nf6 11. Nbd2 a6 12. Bd3 Nb4 13. 0-0 Nxd3 14. cxd3 Bb5 15. Nc4 0-0 16. Rac1 Nd7 17. Nd4 Bf6 18. Rc2 Bxd4 19. Bxd4 c5 20. Ba1 d5 21. Nb2 a5 22. Rd1 Rac8 23. Rcd2 Rfd8 24. Rc1 Ba6 25. Na4 b5 26. Nc3 Nb6 27. h3 c4 28. Rb1 b4 29. dxc4 bxc3 30. Bxc3 dxc4 31. Bxa5 Rxd2 32. Bxd2 c3 33. Be1 c2 34. Rc1 Nd7 35. Bd2 Ne5 36. Kh2 Nd3 37. Ra1 c1Q 38. Bxc1 Nxc1 39. b4 Nd3 40. a3 Ra8 41. f3 Bb5 42. Kg3 Nxb4 43. Rb1 Rxa3 44. Rxb4 Be8 45. Re4 Kf8 46. Kf2 f6 47. Rh4 h5 48. Rd4 g5 49. h4 Kg7 50. hxg5 fxg5 51. Rd5 Kf6 52. Rd6+ Ke5 53. Rd4 Ra2+ 54. Kg3 h4+ 55. Kh3 Bb5 56. f4+ gxf4 57. Rxf4 Bd7+ 58. g4 Ra3 59. Kxh4 Rxe3 60. Rf7 1/2-1/2